Oración inaugural leída en la apertura del curso de 1925 a 1926 / (Record no. 128945)

MARC details
000 -LEADER
campo de control de longitud fija 00663nam a2200181 i 4500
001 - NÚMERO DE CONTROL
campo de control 128945
003 - IDENTIFICADOR DE NÚMERO DE CONTROL
campo de control ES-MaACL
005 - FECHA Y HORA DE LA ÚLTIMA TRANSACCIÓN
campo de control 20230906193411.0
007 - CAMPO FIJO DE DESCRIPCIÓN FÍSICA--INFORMACIÓN GENERAL
campo de control de longitud fija t|
008 - DATOS DE LONGITUD FIJA--INFORMACIÓN GENERAL
campo de control de longitud fija 070531s1925 sp ||||1| spa d
100 1# - ENTRADA PRINCIPAL--NOMBRE DE PERSONA
Nombre de persona Téllez de Meneses y Sánchez, José.
9 (RLIN) 109640
245 10 - MENCIÓN DEL TÍTULO
Título Oración inaugural leída en la apertura del curso de 1925 a 1926 /
Mención de responsabilidad, etc. por el Dr. D. José Téllez de Meneses y Sánchez.
260 ## - PUBLICACIÓN, DISTRIBUCIÓN, ETC.
Lugar de publicación, distribución, etc. Salamanca :
Nombre del editor, distribuidor, etc. Francisco Nuñez,
Fecha de publicación, distribución, etc. 1925.
300 ## - DESCRIPCIÓN FÍSICA
Extensión 31 p. ;
Dimensiones 29 cm.
500 ## - NOTA GENERAL
Nota general Tema: La Universidad salmantina y su riqueza bibliográfica.
594 ## - Nota al título y mención de responsabilidad
Nota al título y mención de responsabilidad Precede al tít.: Universidad de Salamanca.
852 ## - LOCALIZACIÓN
Ubicación ES-MaACL
Número de control de estantería 1683-F-11
Sublocalización o colección R.5454
Holdings
Estatus retirado Estado de pérdida Estado de daño No para préstamo Colección Biblioteca de origen Biblioteca actual Ubicación en estantería Fecha de adquisición Fuente de adquisición Total de préstamos Signatura topográfica completa Código de barras Visto por última vez Precio de reemplazo Tipo de ítem Koha
        Colección de folletos Biblioteca del Ateneo de Madrid Biblioteca del Ateneo de Madrid Depósito folletos 17/01/2008     1683-F-11 1134284 23/02/2023 23/02/2023 Folleto